| 000 | 00487nam a2200145Ia 4500 | ||
|---|---|---|---|
| 008 | 231129s1997||||xx |||||||||||||| ||spa|| | ||
| 020 | _a958-20-0310-1 | ||
| 040 | _bspa | ||
| 082 | _a370.157 F635e | ||
| 100 | _aFlorián Borbí²n Sandra | ||
| 245 | 0 | _aEstrategias para implementar la creatividad: sistema dinámico integral y gradual del pensamiento creativo | |
| 260 | _c1997 | ||
| 264 | _aCooperativa Editorial Magisterio | ||
| 942 |
_2ddc _cBKS |
||
| 999 |
_c13592 _d13592 |
||